<?xml version="1.0" encoding="UTF-8"?>
<record
    xmlns:xsi="http://www.w3.org/2001/XMLSchema-instance"
    xsi:schemaLocation="http://www.loc.gov/MARC21/slim http://www.loc.gov/standards/marcxml/schema/MARC21slim.xsd"
    xmlns="http://www.loc.gov/MARC21/slim">

  <leader>01439cam a2200277 i 4500</leader>
  <controlfield tag="001">1816812</controlfield>
  <controlfield tag="005">20220326193308.0</controlfield>
  <controlfield tag="008">790320s1976    sp       b    000 0 spa  </controlfield>
  <datafield tag="010" ind1=" " ind2=" ">
    <subfield code="a">   79338269 </subfield>
  </datafield>
  <datafield tag="015" ind1=" " ind2=" ">
    <subfield code="a">Sp78-Jun</subfield>
  </datafield>
  <datafield tag="020" ind1=" " ind2=" ">
    <subfield code="a">8437700493 :</subfield>
    <subfield code="c">350ptas</subfield>
  </datafield>
  <datafield tag="040" ind1=" " ind2=" ">
    <subfield code="a">DLC</subfield>
    <subfield code="c">DLC</subfield>
    <subfield code="d">DLC</subfield>
  </datafield>
  <datafield tag="043" ind1=" " ind2=" ">
    <subfield code="a">cl-----</subfield>
  </datafield>
  <datafield tag="082" ind1="0" ind2="0">
    <subfield code="a">980</subfield>
    <subfield code="b">R196d</subfield>
  </datafield>
  <datafield tag="100" ind1="1" ind2=" ">
    <subfield code="a">Rangel, Carlos,</subfield>
    <subfield code="d">1929-</subfield>
    <subfield code="9">1888</subfield>
  </datafield>
  <datafield tag="245" ind1="1" ind2="0">
    <subfield code="a">Del buen salvaje al buen revolucionario :</subfield>
    <subfield code="b">mitos y realidades de Am&#xE9;rica Latina /</subfield>
    <subfield code="c">[por] Carlos Rangel.</subfield>
  </datafield>
  <datafield tag="250" ind1=" " ind2=" ">
    <subfield code="a">1. ed. espa&#xF1;ola.</subfield>
  </datafield>
  <datafield tag="260" ind1=" " ind2=" ">
    <subfield code="a">Barcelona :</subfield>
    <subfield code="b">Monte Avila,</subfield>
    <subfield code="c">1976.</subfield>
  </datafield>
  <datafield tag="300" ind1=" " ind2=" ">
    <subfield code="a">257 p., 2 leaves ;</subfield>
    <subfield code="c">24 cm.</subfield>
  </datafield>
  <datafield tag="504" ind1=" " ind2=" ">
    <subfield code="a">Includes bibliographical references.</subfield>
  </datafield>
  <datafield tag="505" ind1=" " ind2=" ">
    <subfield code="t">Introducci&#xF3;n: Espa&#xF1;ola y no latina</subfield>
    <subfield code="t">Captilo 1: Del buen Salvaje al Buen revolucionario </subfield>
    <subfield code="t">Captilo 2:Latinoamerica y los Estados Unidos </subfield>
    <subfield code="t">Captilo 3: Heroes y traidores </subfield>
    <subfield code="t">Captilo 4: Ariel y Caliban </subfield>
    <subfield code="t">Captilo 5: Latinoamerica y el marxismo </subfield>
    <subfield code="t">Captilo 6: Latinoamerica y la iglesia </subfield>
    <subfield code="t">Captilo 7: Algunas verdades </subfield>
    <subfield code="t">Captilo 8: Algunas Verdades m&#xE1;s </subfield>
    <subfield code="t">Captilo 9: Las formas del poder pol&#xED;tico en America Latina (1) </subfield>
    <subfield code="t">Captilo 10:Las formas del poder pol&#xED;tico en America Latina (2)</subfield>
    <subfield code="t">Captilo 11: Las formas del poder pol&#xED;tico en America Latina (3)</subfield>
  </datafield>
  <datafield tag="650" ind1=" " ind2=" ">
    <subfield code="a">Relaciones Exteriores</subfield>
    <subfield code="v">Politica y Gobierno</subfield>
    <subfield code="9">1889</subfield>
  </datafield>
  <datafield tag="651" ind1=" " ind2="0">
    <subfield code="a">Latin America</subfield>
    <subfield code="x">Civilization.</subfield>
    <subfield code="9">1623</subfield>
  </datafield>
  <datafield tag="700" ind1=" " ind2=" ">
    <subfield code="a">Rangel, Carlos,</subfield>
    <subfield code="9">1890</subfield>
  </datafield>
  <datafield tag="906" ind1=" " ind2=" ">
    <subfield code="a">7</subfield>
    <subfield code="b">cbc</subfield>
    <subfield code="c">orignew</subfield>
    <subfield code="d">3</subfield>
    <subfield code="e">ncip</subfield>
    <subfield code="f">19</subfield>
    <subfield code="g">y-gencatlg</subfield>
  </datafield>
  <datafield tag="999" ind1=" " ind2=" ">
    <subfield code="c">397</subfield>
    <subfield code="d">397</subfield>
  </datafield>
  <datafield tag="952" ind1=" " ind2=" ">
    <subfield code="0">0</subfield>
    <subfield code="1">0</subfield>
    <subfield code="2">ddc</subfield>
    <subfield code="4">0</subfield>
    <subfield code="7">0</subfield>
    <subfield code="a">LV</subfield>
    <subfield code="b">LV</subfield>
    <subfield code="c">Pensamiento</subfield>
    <subfield code="d">2014-12-12</subfield>
    <subfield code="l">0</subfield>
    <subfield code="o">980 R196d</subfield>
    <subfield code="p">000434</subfield>
    <subfield code="r">2014-12-12 00:00:00</subfield>
    <subfield code="w">2014-12-12</subfield>
    <subfield code="y">01</subfield>
  </datafield>
</record>
